000 00669cam a22002413a 4500
001 20977
003 PGUSA
005 20140828083439.0
008 070403s2007||||xxu|||||s|||||000 1 eng d
040 _aPGUSA
_beng
042 _adc
050 4 _aPT
100 1 _aStorm, Theodor,
_d1817-1888
245 1 0 _aIm Sonnenschein :
_bNovelle
_h[electronic resource] /
_cTheodor Storm
260 _bProject Gutenberg,
_c2007
506 _aPublic domain in the USA.
516 _aElectronic text
653 _aGermany, Northern -- Fiction
653 _aLove stories
830 0 _aProject Gutenberg
_v20977
856 4 0 _uhttp://www.gutenberg.org/ebooks/20977
942 _cEB
999 _c250232
_d250232